| 000 | | | 03966nmc2a22002891x 450 |
| 001 | | | 0f809e54-d484-4750-bbee-c7b15af80882 |
| 005 | | | 20130901095107.0 |
| 100 | ## | $a | 20130731l19071909k y0rusy50 ca |
| 101 | 0# | $a | rus |
| 102 | ## | $a | RU |
| 105 | ## | $a | y z ||||| |
| 200 | 1# | $a | Поляков Д. |
| | $j | 23 июля 1907 - 20 февраля 1909 |
| 215 | ## | $a | 11 листов |
| | $c | марки |
| 251 | ## | $c | Дело |
| 300 | ## | $a | Заголовок дела на папке: Письма Полякова Дмитрия Никольскому Б. Вл. |
| 300 | ## | $a | 4 письма |
| 300 | ## | $a | Листы 1, 3, 11 - конверты |
| 300 | ## | $a | Рукописный текст |
| 330 | ## | $a | А. Переписка; 1. Письма к Б. В. Никольскому; (Геерлингер И., Мичерлинг А. А.) см. № 495 |
| 461 | #0 | $1 | 0011c5950b4-9b17-43ad-92f1-e565a07ae223 |
| | $1 | 2001 |
| | $a | Никольский Борис Владимирович, историк права, профессор Юрьевского и Петербургского университетов, один из руководителей главного совета "Русского собрания", поэт, критик |
| | $1 | 251 |
| | $c | Фонд |
| | $1 | 852 |
| | $j | 588 |
| 462 | #0 | $1 | 001855f2cb0-80f8-42f6-88fa-41bf4837b2b7 |
| | $1 | 2001 |
| | $a | Никольский Борис Владимирович. 1837-1919 гг. |
| | $1 | 251 |
| | $c | Опись |
| | $1 | 852 |
| | $j | 1 |
| 517 | ## | $a | Письма Полякова Дмитрия Никольскому Б. Вл. |
| 600 | #1 | $a | Никольский |
| | $b | Б. В. |
| | $g | Борис Владимирович |
| 600 | #1 | $a | Поялков |
| | $b | Д. |
| | $g | Дмитрий |
| 801 | #0 | $a | RU |
| | $b | GA_RF |
| 801 | #1 | $a | RU |
| | $b | НПО Опыт |
| | $c | 20130731 |
| | $2 | rusmarc |
| 801 | #2 | $a | RU |
| | $b | ПБ им. Б.Н. Ельцина |
| | $c | 20130901 |
| | $g | RCR |
| | $2 | rusmarc |
| 852 | ## | $a | ГА РФ |
| | $j | 612 |
| 937 | ## | $d | 31216988 |
| | $h | ПБ |
| 035 | ## | $a | RuPRLIB51010858 |